00741nam a2200253 a 4500001001300000003000900013005001700022008004100039020002300080082001500103100001700118245007600135260003500211300000900246500003500255505001000290650001200300700001400312700001300326902000800339942000700347952011600354999001700470nice12345678IN_TiNIC20260116014435.0050524s2004 dela grp 000 0 eng  a8178249 c39500a808.3bAHM aAhmad, Nazir aRepentance of Nussooh (taubat-Al-Nasuh) Tale of a Muslim Family a Hundr aDelhi bPermanent Black c2004 a140p aincludes index and biblioraphy2 aIndex aFiction1 aM Kempson1 aC M Naim bSRS cBK 001040708StackRoom-aHMIbHMId2008-07-03g395.00l0o808.3 AHMp020788r2008-07-03v395.00w2005-05-24yBK c15322d15322